Statistiken für Aktuelle Ministerpräsidentinnen/Ministerpräsidenten der Bundesländer

Klicken Sie hier um das Quiz zu spielen!

Allgemein

  • Dieses Quiz wurde 1.253 mal gespielt
    (483 seit der letzten Aktualisierung)
  • Das Durchschnittsergebnis liegt bei 11 aus 16

Antwortstatistiken

Bundeslandim Amt seitMinisterpräsident(in)% Korrekt
Bayern2018Markus Söder
95%
Sachsen2017Michael Kretschmer
84%
Baden-Württemberg2011Winfried Kretschmann
83%
Thüringen2014Bodo Ramelow
80%
Nordrhein-Westfalen2021Hendrik Wüst
78%
Rheinland-Pfalz2013Malu Dreyer
73%
Schleswig-Holstein2017Daniel Günther
69%
Mecklenburg-Vorpommern2017Manuela Schwesig
67%
Niedersachsen2013Stephan Weil
65%
Sachsen-Anhalt2011Reiner Haseloff
58%
Hessen2022Boris Rhein
55%
Hamburg2018Peter Tschentscher
54%
Berlin2023Kai Wegner
53%
Brandenburg2013Dietmar Woidke
50%
Bremen2019Andreas Bovenschulte
46%
Saarland2022Anke Rehlinger
45%

Verteilung der Resultate

Perzentil nach korrekt beantworteten Fragen

Anzahl Personen mit jedem Resultat

Ihre Resultats-Entwicklung

Sie haben dieses Quiz seit der letzten Aktualisierung nicht gespielt